Ασφάλεια των περιφερειακών λιμένων : η οπτική των χρηστών : διπλωματική εργασία
Saved in:
| Main Author: | |
|---|---|
| Corporate Author: | |
| Other Authors: | |
| Format: | Thesis Book |
| Language: | Greek |
| Published: |
2007.
|
| Subjects: | |
| Online Access: | http://hdl.handle.net/11610/13168 |
| Tags: |
Add Tag
No Tags, Be the first to tag this record!
|
MARC
| LEADER | 00000cam a2200000 i 4500 | ||
|---|---|---|---|
| 001 | 1/68782 | ||
| 008 | 071219s2007 gr | ||| |||| ||gre|| | ||
| 035 | |l 10093287 | ||
| 040 | |a GR-MY-UA |b gre |e aacr | ||
| 041 | 0 | |a gre | |
| 082 | 0 | |a 387.50289 |2 (22) | |
| 100 | 1 | |a Χρήστου, Ειρήνη Α. | |
| 245 | 1 | 0 | |a Ασφάλεια των περιφερειακών λιμένων : |b η οπτική των χρηστών : διπλωματική εργασία / |c Ειρήνη Α. Χρήστου ; επιβλέποντες: Ν. Λίτινας, Α. Πολυδωροπούλου, Ι. Λαγούδης. |
| 260 | |c 2007. | ||
| 300 | |a 147 σ. : |b σχέδια, πίν. ; |c 30 εκ. | ||
| 502 | |a Διατριβή (μεταπτυχιακή) – Πανεπιστήμιο Αιγαίου, Χίος, 2007. | ||
| 610 | 2 | 0 | |a Πανεπιστήμιο Αιγαίου. |
| 650 | 0 | 0 | |a Harbors |x Security measures. |
| 650 | 0 | 0 | |a Harbors |x Safety measures. |
| 650 | 0 | 0 | |a Harbors. |
| 650 | 0 | 0 | |a Shipping |x Security measures. |
| 650 | 0 | 0 | |a Dissertations, Academic |z Greece. |
| 700 | 1 | |a Λίτινας, Νικόλαος, |e dgs | |
| 700 | 1 | |a Λαγούδης, Ιωάννης, |e dgs | |
| 700 | 1 | |a Πολυδωροπούλου, Αμαλία, |e dgsf | |
| 710 | 1 | |a Πανεπιστήμιο Αιγαίου |b Σχολή Επιστημών της Διοίκησης |b Τμήμα Ναυτιλίας και Επιχειρηματικών Υπηρεσιών |b Πρόγραμμα Μεταπτυχιακών Σπουδών "Ναυτιλία, Μεταφορές και Διεθνές Εμπόριο - ΝΑ.Μ.Ε.". | |
| 852 | |a INST |b CHIOS |c DIATR |e 20071219 |h 387.50289 ΧΡΗ |p 005200028041 |q 005200028041 |t MTXE |y 23 | ||
| 852 | |a INST |b CHIOS |c DIATR |e 20071219 |h 387.50289 ΧΡΗ |p 005200028042 |q 005200028042 |t MTXE |y 23 | ||
| 856 | |u http://hdl.handle.net/11610/13168 | ||
| 901 | |a BIBL2-2007-3 | ||
| 909 | |a Χ |b 131638 | ||
| 909 | |a Χ |b 131639 | ||
| 924 | |a Χρήστου |b Ειρήνη |y Χίος |z 2007-11 | ||
| 970 | |a Ατσάλη |b Δέσποινα |z 2007/12/19 | ||